000 02942cam a22006374i 4500
003 PE-LiUPU
005 20250731165601.0
008 150625s2005 pe a rb 000 0 spa d
020 _a997258206X
020 _a9789972582066
035 _a(Sirsi) i9789972582066
040 _aPE-LiUPU
_bspa
_cPE-LiUPU
_erda
049 _aPRUA
082 0 4 _a912.85
_bG81
_221
082 0 4 _aRC912.85
_bG22
100 1 _aGarayar, Carlos,
_eautor.
245 0 0 _aGran atlas del Perú /
_cEditores, Carlos Garayar, [y otros dos].
264 1 _aLima :
_bPEISA: Q.W.,
_c2005.
300 _a352 páginas :
_bilustraciones ;
_c33 centímetros
336 _atext
_2rdacontent
337 _aunmediated
_2rdamedia
338 _avolume
_2rdacarrier
500 _aEdición preparada especialmente para el diario La República.Adaptación de textos originales escritos por Jorge Alegre y Dario Gastelo.
505 0 _aEl Perú -- Amazonas -- Áncash -- Apurímac -- Arequipa -- Ayacucho -- Cajamarca -- Callao -- Cuzco -- Huancavelica -- Huánuco -- Ica -- Junín -- La Libertad -- Lambayeque -- Lima -- Loreto -- Madre de Dios -- Moquegua -- Pasco -- Piura -- Puno -- San Martín -- Tacna -- Tumbes -- Ucayali -- Áreas naturales protegidas.
526 _aSEG44
526 _aSEG26
526 _aP151
526 _aP150
526 _aP149
526 _aP146
526 _aP145
526 _aP126
526 _aP125
526 _aP92
526 _aP75
526 _aP74
526 _aP27
526 _aP15
541 _g002-0002955;
651 _aAtlas
_zPerú
651 _aGeografía histórica
_vMapas
651 _aGeografía
_zPerú.
700 1 _aGarayar, Carlos,
_eeditor.
700 1 _aVallenas, Hugo1955- ,
_eeditor.
700 1 _aCoronado, Germán,
_eeditor.
942 _2ddc
_cBOOK
949 _aRC 912.85 G81
_wDEWEY
_c1
_i57246
_lCCODEBUL1
_mBUL
_p73.00
_r0
_sY
_tBOOK
_u2015-6-25
_xEDUCACION
_zUNKNOWN
_0COMPRA
_o.STAFF. Colección General
949 _aRC 912.85 G22 2005
_wDEWEY
_c1
_iFJ11817
_lCCODEBUJ1
_mBUJ
_p73.00
_r0
_sY
_tBOOK
_u2018-10-15
_xEDUCACION
_PP14
_0COMPRA
_o.STAFF. Colección General Juliaca
994 _aC0
_bPEPRU
596 _a1 3
999 _aRC 912.85 G81
_wDEWEY
_c46342
_i57246
_f2021-11-8
_g5
_lRCG
_mBUL
_p73.00
_r1
_sY
_tBOOK
_u2015-6-25
_xBIBLIOTECA
_zUNKNOWN
_0COMPRA
_o.STAFF. Colección General
_d46342
999 _aRC 912.85 G81
_wDEWEY
_c2
_i80263
_d2020-1-28
_f2021-11-9
_g3
_lCCODEBUL1
_mBUL
_p73.00
_q1
_r0
_sY
_tBOOK
_u2019-7-5
_xEDUCACION
_PP20
_0COMPRA
_o.STAFF. Colección Ciencias Humanas y Educación
999 _aRC912.85 G22 2005
_wDEWEY
_c1
_iFJ11817
_d2019-4-2
_lCCODEBUJ1
_mBUJ
_p73.00
_q3
_r0
_sY
_tBOOK
_u2018-10-15
_xEDUCACION
_PP14
_0COMPRA
_o.STAFF. Colección General Juliaca
980 _81
_gALBERTO SANCHEZ Responsable de Automatización